| 000 | 00458nam a22001937a 4500 | ||
|---|---|---|---|
| 003 | OSt | ||
| 005 | 20180116183047.0 | ||
| 008 | 160721b xxu||||| |||| 00| 0 eng d | ||
| 020 | _a9780273778967 | ||
| 040 | _c0 | ||
| 082 | _a658.406 BUR 2014 | ||
| 100 | _aBernard Burnes | ||
| 245 |
_aManaging Change _cBernard Burnes |
||
| 250 | _a6th | ||
| 260 |
_aNew York _bPearson _c2014 |
||
| 300 |
_a634 p. _bPB |
||
| 440 | _aManaging Change | ||
| 942 |
_2ddc _cBK |
||
| 999 |
_c351470 _d351470 |
||